[Event "Krakow op-B"]
[Site "Krakow"]
[Date "2000.12.29"]
[Round "3"]
[White "Badurowicz, Leszek"]
[Black "Kruszynski, Aleksander"]
[Result "0-1"]
[WhiteElo "2000"]
[BlackElo "2080"]
[PlyCount "84"]
[EventDate "2000.12.??"]
[EventType "swiss"]
[EventRounds "9"]
[EventCountry "POL"]
[SourceTitle "EXT 2005"]
[Source "ChessBase"]
[SourceDate "2004.11.15"]
[SourceVersion "1"]
[SourceVersionDate "2004.11.15"]
[SourceQuality "1"]

1. d4 d6 2. Nf3 g6 3. c4 Bg7 4. Nc3 Nf6 5. Bg5 h6 6. Bh4 0-0 7. e3 Nbd7 8. Be2 c6 9. Qc2 e5 10. dxe5 dxe5 11. 0-0 Qc7 12. Rfd1 Nc5 13. Bxf6 Bxf6 14. b4 Ne6 15. c5 b5 16. Nd2 a5 17. a3 Bg7 18. Nce4 f5 19. Nd6 e4 20. Rac1 axb4 21. axb4 Ng5 22. Nb3 Ra4 23. Qd2 Kh7 24. Nd4 Bd7 25. h4 Ne6 26. h5 Nxd4 27. hxg6+ Kxg6 28. exd4 Be6 29. Qc3 Kh7 30. Ra1 Rxa1 31. Rxa1 Bf6 32. Ra6 Qg7 33. Qa3 Kh8 34. Ra8 Bxd4 35. Bh5 Rg8 36. Rxg8+ Qxg8 37. Be8 e3 38. Qd3 exf2+ 39. Kf1 Qg4 40. Bxc6 Qf4 41. Bf3 Bd5 42. Nxb5 Qc1+ 0-1